000 00654nam a22002537a 4500
003 UA-OsUOA
001 50617
007 ta
008 20071121b un ||||| |||| 00| 0 ukr d
100 _aБех В. П.
090 _a140.8
_bБ55
942 _cBK
040 _aUA-OsUOA
_bukr
_cUA-OsUOA
_dUA-OsUOA
245 _aЧеловек и вселенная
_bМонографія
300 _a148 с.
955 _a1
041 _aukr
080 _a140.8
020 _a966-7362-40-Х
260 _aЗапорожье
_bПросвіта
_c2004
246 3 1 _a2-ге вид.
_n
650 7 _a1 Філософські науки
_2UDC
999 _c336719
_d336719